Special functions : group Theoretical Aspects and Applications

Αποθηκεύτηκε σε:
Λεπτομέρειες βιβλιογραφικής εγγραφής
Άλλοι συγγραφείς: Askey, Richard (Επιμελητής έκδοσης), Koornwinder, T. H., 1943- (Επιμελητής έκδοσης), Schempp, W. (Walter), 1938- (Επιμελητής έκδοσης)
Μορφή: Βιβλίο
Γλώσσα:English
Δημοσίευση: Dordrecht ; Boston ; Hingham, MA, U.S.A. : D. Reidel Pub. Co. : Sold and distributed in the U.S.A. and Canada by Kluwer Academic Publishers, c1984.
Σειρά:Mathematics and its applications
Θέματα:
Ετικέτες: Προσθήκη ετικέτας
Δεν υπάρχουν, Καταχωρήστε ετικέτα πρώτοι!

MARC

LEADER 00000cam a2200000 i 4500
001 1/31122
008 941103s1984####ne | ||| |||| ||eng||
020 |a 9027718229 
035 |l 10038746 
035 |a 1993 
040 |a GR-MyUA  |b gre  |e AACR2 
041 0 |a eng 
082 0 |a 515.9  
245 1 0 |a Special functions :   |b group Theoretical Aspects and Applications /   |c Edited by R. A. Askey T.H. Koornwinder and W. Schempp.  
260 |a Dordrecht ;   |a Boston ;   |a Hingham, MA, U.S.A. :   |b D. Reidel Pub. Co. :   |b Sold and distributed in the U.S.A. and Canada by Kluwer Academic Publishers,   |c c1984.  
300 |a xxxiv, 311 σ. :   |b εικ. ;   |c 23 εκ.  
490 1 |a (Mathematics and its applications)  
504 |a Περιέχει βιβλιογραφικές αναφορές και ευρετηριο.  
650 0 0 |a Functions, Special. 
700 1 |a Askey, Richard,  |e edt 
700 1 |a Koornwinder, T. H.,   |d 1943-  |e edt 
700 1 |a Schempp, W.   |q (Walter),   |d 1938-  |e edt 
830 0 |a Mathematics and its applications 
852 |a INST  |b SAMOS  |e 19941103  |h 515.9 SPE  |p 005300007335  |q 005300007335  |t BK  |y 0 
909 |a Σ  |b 030410